| 000 | 00764nam a22002297a 4500 | ||
|---|---|---|---|
| 005 | 20251108172527.0 | ||
| 008 | 250721s9999 xx 000 0 ara d | ||
| 082 | 1 | 4 | _aم/341/علو |
| 100 | 1 | _aعلوان، عبدالكريم | |
| 245 | 1 | 0 | _aوسيط في القانون الدولي العام / |
| 264 | 1 |
_aعمان : _bمكتبة دار الثقافة للنشر و التوزيع، |
|
| 300 | _aج | ||
| 650 | 1 | 7 | _aالقانون الدولي العام |
| 650 | 1 | 7 | _aالإتفاقيات الدولية |
| 650 | 1 | 7 | _aالأممالمتحدة |
| 650 | 1 | 7 | _aالمنظمات الدولية |
| 650 | 1 | 7 | _aالقانون القنصلي |
| 650 | 1 | 7 | _aقانون الجو |
| 650 | 1 | 7 | _aحقوق الإنسان |
| 942 |
_2ddc _cREF |
||
| 999 |
_c81651 _d81651 |
||